Le rouge et le noire / (Record no. 165754)

MARC details
000 -LEADER
campo de control de longitud fija 00657nam a22001935i 4500
001 - NÚMERO DE CONTROL
campo de control 165754
003 - IDENTIFICADOR DE NÚMERO DE CONTROL
campo de control ES-MaACL
005 - FECHA Y HORA DE LA ÚLTIMA TRANSACCIÓN
campo de control 20240524063010.0
008 - DATOS DE LONGITUD FIJA--INFORMACIÓN GENERAL
campo de control de longitud fija 050906s1911 sp | |||||||| ||spa d
040 ## - FUENTE DE CATALOGACIÓN
Centro catalogador/agencia de origen CAM
Lengua de catalogación spa
Centro/agencia transcriptor CAM
100 0# - ENTRADA PRINCIPAL--NOMBRE DE PERSONA
Nombre de persona Stendhal,
Fechas asociadas al nombre 1783-1842
9 (RLIN) 108086
245 13 - MENCIÓN DEL TÍTULO
Título Le rouge et le noire /
Mención de responsabilidad, etc. Stendhal; introduction par Casimir Stryienski.
260 ## - PUBLICACIÓN, DISTRIBUCIÓN, ETC.
Lugar de publicación, distribución, etc. Paris :
Nombre del editor, distribuidor, etc. Bibliothèque Larousse,
Fecha de publicación, distribución, etc. [1911] (
Fabricante Imp. Larousse)
300 ## - DESCRIPCIÓN FÍSICA
Extensión 2 v. (196, [4]; 230 p.) ;
Dimensiones 20 cm.
700 1# - ENTRADA AGREGADA--NOMBRE PERSONAL
Nombre de persona Stryienski, Casimier,
Término indicativo de función/relación
9 (RLIN) 108482
752 ## - ENTRADA AGREGADA--NOMBRE JERÁRQUICO DEL LUGAR
País o entidad superior Francia -
Ciudad Paris
852 ## - LOCALIZACIÓN
Ubicación ES-MaACL
Número de control de estantería G-8982-8983
Nota libre -- Enc. hol.
Holdings
Estatus retirado Estado de pérdida Estado de daño No para préstamo Biblioteca de origen Biblioteca actual Ubicación en estantería Fecha de adquisición Fuente de adquisición Total de préstamos Signatura topográfica completa Código de barras Visto por última vez Precio de reemplazo Tipo de ítem Koha
        Biblioteca del Ateneo de Madrid Biblioteca del Ateneo de Madrid Sala Pecera Planta 3 17/01/2008     G-8982-8983 1173832 23/02/2023 23/02/2023 Libro impreso